| 000 | 00557cam a2200205 i 4500 | ||
|---|---|---|---|
| 005 | 20260224121659.0 | ||
| 008 | 250721s2007 ii gr 000 0 eng d | ||
| 020 | _a9788120331471 | ||
| 082 | 1 | 4 |
_a650 _bP A U |
| 100 | 1 |
_aPaul, Justin _eauthor. |
|
| 245 | 1 | 0 |
_aInternational Business / _cjustin paul. |
| 250 | _athird edition. | ||
| 264 | 3 | 1 |
_aNew delhi : _bPrentice-Hall of India, _c2007. |
| 300 | _a581 Pages. | ||
| 500 | _aINCLUDES INDEX | ||
| 650 | 1 | 7 | _aBUSINESS. |
| 650 | 1 | 7 | _aMANAGMENT. |
| 942 |
_2ddc _cBK |
||
| 999 |
_c113475 _d113475 |
||